000 02116nam0a2200385 i 4500
001 RU\NLR\BIBL_A\010583731
005 20260405082015.0
010 _a9785834308485
_9100
021 _aRU
_b2014-84601
_95143
035 _a(NILC)RuMoRGB-007590119
035 _a(NLR Aleph) 010583731
090 _a10473030
_c10473030
100 _a20150114d2013 k y0rusy50 ca
101 0 _arus
102 _aRU
105 _aa|||z|||001yy
200 1 _aПроблемы здоровья и безопасности жизнедеятельности курсантов морского высшего учебного заведения
_fМельникова И.П., Кику П.Ф.
_gФедер. агентство мор. и реч. трансп., Федер. гос. образоват. учреждение высш. проф. образования "Мор. гос. ун-т им. адм. Г.И. Невельского"
210 _aВладивосток
_cМорской государственный университет
_d2013
215 _a218, [1] с.
_cил.
_d21
300 _aВ конце кн. авт.: Мельникова И.П., д.м.н., проф., Кику П.Ф., д.м.н., к.т.н., проф.
320 _aБиблиогр.: с. 169-214 (489 назв.)
606 _aМоряки
_xЗдоровье
_xОхрана
_xСоциально-гигиенические исследования
_91619736
_3RU\NLR\AUTH\66714590
606 _aДыхательная система моряков
_xБолезни
_92391570
_3RU\NLR\AUTH\661426178
610 0 _aморская медицина
675 _a614.8 (06)
686 1 _aР124.524-4
686 1 _aР412
700 1 _7ca
_8rus
_aМельникова
_bИ. П.
_cд-р мед. наук
_gИрина Петровна
_911819
_3RU\NLR\AUTH\7728788
701 1 _4070
_7ca
_8rus
_aКику
_bП. Ф.
_f1956-2022
_gПавел Фёдорович
_9218067
_3RU\NLR\AUTH\770218123
801 0 _aRU
_bRuMoRKP
_c20050321
_gRCR
801 2 _aRU
_bРГБ
_c20141113
_grcr
942 _cBOOK
980 _aNBR